Historical dissertations, (Record no. 53787)

MARC details
000 -LEADER
fixed length control field 00830cam a22002651 4500
001 - CONTROL NUMBER
control field sa 63001043
003 - CONTROL NUMBER IDENTIFIER
control field DLC
005 - DATE AND TIME OF LATEST TRANSACTION
control field 20260227111925.0
008 - FIXED-LENGTH DATA ELEMENTS--GENERAL INFORMATION
fixed length control field 800915m19629999pk abc b 00010 eng
010 ## - LIBRARY OF CONGRESS CONTROL NUMBER
LC control number sa 63001043 //r965
025 ## - OVERSEAS ACQUISITION NUMBER
Overseas acquisition number PL480:P-E-221
040 ## - CATALOGING SOURCE
Original cataloging agency DLC
Transcribing agency DLC
Modifying agency DLC
043 ## - GEOGRAPHIC AREA CODE
Geographic area code a------
050 00 - LIBRARY OF CONGRESS CALL NUMBER
Classification number DS3
Item number .R3
082 00 - DEWEY DECIMAL CLASSIFICATION NUMBER
Classification number 950
Edition number 19
100 1# - MAIN ENTRY--PERSONAL NAME
Personal name Rashid, Khwaja Abdul,
Dates associated with a name 1912-
245 10 - TITLE STATEMENT
Title Historical dissertations,
Statement of responsibility, etc. by K. A. Rashid.
260 ## - PUBLICATION, DISTRIBUTION, ETC.
Place of publication, distribution, etc. Karachi,
Name of publisher, distributor, etc. Pakistan Historical Soceity,
Date of publication, distribution, etc. 1962-
300 ## - PHYSICAL DESCRIPTION
Extent v.
Other physical details illus., maps, ports.
Dimensions 25 cm.
490 1# - SERIES STATEMENT
Series statement Pakistan Historical Society. Publication,
Volume/sequential designation no. 30
500 ## - GENERAL NOTE
General note Vol. 2 has imprint: Progressive Books, Lahore.
504 ## - BIBLIOGRAPHY, ETC. NOTE
Bibliography, etc. note Includes bibliographies.
651 #0 - SUBJECT ADDED ENTRY--GEOGRAPHIC NAME
Geographic name Asia
General subdivision History.
830 #0 - SERIES ADDED ENTRY--UNIFORM TITLE
Uniform title Pakistan Historical Society publication ;
Volume/sequential designation no. 30.

No items available.

Powered by Koha